000 00547 a2200169 4500
999 _c2279
_d2279
020 _a9788185749136
050 _aHF5006 SHA 2009
100 _aSharma, S. K.
_eauthor
245 _aIndustrial Engineering and organization management
_cS. K. Sharma & Savita Sharma
250 _a3rd ed.
264 _aNew Delhi
_bS. K. Kataria & Sons
_c2009
300 _a906p. :
_bill.
500 _aIncludes bibliographical references and index
650 _aIndustrial Engineering
700 _aSharma, Savita
_eauthor
942 _2lcc
_cBK
_e3rd ed.
_h5006
_iSHA
_kHF